Villamos berendezések az elektrotechnikai szakközépiskola 4. osztálya számára

Podrobná bibliografia
Hlavný autor: Lstibůrek, František (Autor)
Ďalší autori: Csető, Piroska (Prekladateľ)
Médium: Kniha
Jazyk:maďarčina
PhysicalDescription:391 s., 15,92 AH Tb. Sch. 20 cm
Vydavateľské údaje: Bratislava Slovenské pedagogické nakladateľstvo 1989
ISBN:8008001445
Vydanie:1., kiad.

MARC

LEADER 00000nam a2200000 a 4500
001 vtls001081743
003 SK-MaSNL
005 20260301000904.0
008 250414s1989 xo 0 hun
015 |a SNBA1989/08 
020 |a 8008001445 
035 |a SNK000024581 
040 |a SNK  |b slo  |c SNK  |e AACR2 
041 0 |a hun 
044 |a xo  |c SK 
080 |a 621.31(075.3)=945.11  |2 1981 
100 1 |a Lstibůrek, František  |4 aut  |9 60893 
245 1 0 |a Villamos berendezések az elektrotechnikai szakközépiskola 4. osztálya számára  |c František Lstibůrek ; Piroska Csető, Otto Kovarík 
250 |a 1., kiad. 
260 |a Bratislava  |b Slovenské pedagogické nakladateľstvo  |c 1989  |e Nitra  |f Nitrianske tlačiarne 
300 |a 391 s., 15,92 AH  |b Tb. Sch.  |c 20 cm 
366 |e 400 výtl.Brož. 
500 |a Lit. 10. Schválilo MŠ SSR. Slovníček. Súbež. náz. slov. 10 zázn. v češ. 
700 1 |a Csető, Piroska  |4 trl  |9 278457 
700 1 |a Kovarík, Otto  |4 bkd  |9 44968 
852 |a Slovenská národná knižnica 
919 |a 80-08-00144-5 
958 |a CZ 
958 |a UC 
958 |a TL 
958 |a OP 
958 |a HU 
958 |a OND 
999 |c 533739  |d 535669 
952 |t P60, <04>, [BOOK], {604}  |a SNK  |b SNK  |y VYP  |7 0  |p 17A0340419  |o snkSC 74806 D2  |i snkKSP 4486/2002  |0 0  |1 0  |4 0  |d 2002-04-16  |l 0  |r 2004-12-31 00:00:00  |w 2026-02-23 
952 |a SNK  |b SNK  |y PREZ  |7 0  |p 17A0997366  |o snkSC 74806  |0 0  |1 0  |4 0  |d 2012-09-29  |l 0  |r 2025-07-31 00:00:00  |w 2026-02-23